000 00961nas a2200301 4500
001 BR2011007262
003 BR-BrBNA
005 20231205115740.0
007 ta
008 230509b bl.|||p| |||| 00| 00por d
040 _aBR-BrBNA
_bpor
_cBiblioteca Nacional de Agricultura
041 _a(Pt)
072 _aL74
100 1 _aCavalcante, C.Z.
100 1 _aFriessen, R.
100 1 _aFarias, M.R.
100 1 _aCosta, T.A.
100 1 _aWerner, J.
245 1 _aGranuloma dermatofítico em um cão com hiperadrenocorticismo
246 1 _aDermatophyte granuloma in a dog with hyperadrenocorticism
650 _aCÃO
650 _aPELE
650 _aLESÃO CUTÂNEA
650 _aFUNGO
773 0 _tMEDVEP. Revista Científica de Medicina Veterinária. Pequenos Animais e Animais de Estimação (Brazil)
_xISSN 1678-1430
_g(Jan-Mar 2010), v. 8(24) p. 56-58
_wBR2011007262
909 _a202311
_bLúcia
_c55
_dLúcia Elande
942 _2AGRIS
_n0
_cANA
999 _c215502
_d215502